Statistics for AQA Economics AS - Economies and Diseconomies of scale

Click here to take the quiz!

General Stats

  • This quiz has been taken 29 times
  • The average score is 4 of 14

Answer Stats

Answer% Correct
Financial economies of scale
71%
Technical economies of scale
71%
Managerial diseconomies of scale
63%
Managerial economies of scale
63%
Marketing economies of scale
50%
Communication failure
29%
Risk bearing economies of scale
29%
Economies of scope
17%
Motivational diseconomies of scale
17%
Skilled labour
13%
Transport and communiation external economies of scale
8%
Facility of workshop
4%
Banking facility
0%
Research and experiment
0%

Score Distribution

Percentile by Number Answered

Percent of People with Each Score

Your Score History

You have not taken this quiz